| 000 | 01134nam a22003377a 4500 | ||
|---|---|---|---|
| 001 | 2622 | ||
| 005 | 20240105121910.0 | ||
| 020 | _a9781470326067 | ||
| 020 | _a9780545631341 | ||
| 040 |
_aRECBX _beng _cRECBX _dTXBXL _dOCLCO _dGL9 _dJP3 _dVP@ _dDLC |
||
| 050 | 0 | 0 | _aRZC 2663 |
| 082 | _a813.54 | ||
| 100 | 1 | _aKorman, Gordon | |
| 245 | 1 | 0 |
_aUngifted / _cGordon Korman |
| 250 | _aFirst Scholastic printing, September 2013 | ||
| 260 |
_aNew York : _bScholastic, _c2012 |
||
| 300 |
_a280 pages : _c20 cm |
||
| 505 | _aL | ||
| 520 | _aDue to an administrative mix-up, troublemaker Donovan Curtis is sent to the Academy of Scholastic Distinction, a special program for gifted and talented students, after pulling a major prank at middle school. | ||
| 521 | 1 |
_a730 _bLexile |
|
| 521 | 1 |
_aL _bRaz-Plus |
|
| 650 | 1 |
_aBehavior _vFiction. |
|
| 650 | 1 |
_aMiddle schools _vFiction. |
|
| 650 | 1 |
_aSchools _vFiction. |
|
| 650 | 1 |
_aGifted children _vFiction. |
|
| 650 | 1 |
_aRobots _vFiction. |
|
| 650 | 1 |
_aRobotics _vFiction. |
|
| 655 | 7 |
_aHumorous fiction. _2gsafd |
|
| 906 |
_a7 _bcbc _ccopycat _d2 _encip _f20 _gy-soundrec |
||
| 942 |
_2ddc _cBK _n0 |
||
| 999 |
_c2622 _d2622 |
||